| 000 | 00804nam a22002417a 4500 | ||
|---|---|---|---|
| 999 |
_c10969 _d10969 |
||
| 003 | AR-CdUCM | ||
| 008 | 190402b ||||| |||| 00| 0 spa d | ||
| 040 |
_aMUNICIPALIDAD PROVINCIAL DEL CUSCO _cBIBLIOTECA MUNICIPAL DEL CUSCO |
||
| 082 |
_a869.501 / _bSA194P / 1947 |
||
| 100 |
_aSánchez, Luis Alberto _9401 |
||
| 245 | _aLos poetas de la colonia y de la revolución / | ||
| 260 |
_aLima : _bP.T.C.M., _c1947 |
||
| 300 |
_a313 páginas ; _c21 cm. |
||
| 500 | _aLibro dañado. | ||
| 505 | _aContenido: Los poetas de la conquista -- Los primeros Poetas cortesanos -- Los poemas de Arauco ... | ||
| 650 |
_aPoetas Peruanos _91611 |
||
| 650 |
_aPerú _935 |
||
| 650 |
_aPoesía peruana _9806 |
||
| 650 |
_aHistoria y critica _95993 |
||
| 650 |
_aSiglo XX _98 |
||
| 942 |
_2ddc _cLIBROS |
||
| 945 | _acmm | ||